000 00315nam a22001337a 4500
008 260420b ||||| |||| 00| 0 eng d
020 _a9789951585507078.5
041 _aShqip
080 _a078.85
100 _a32
101 _aJuridik
245 _aMetodologjia e Shkrimit Ligjor
_cKadri Bicaj
942 _2udc
_cBK
999 _c60982
_d60982